| 000 | 00523nam a22001817a 4500 | ||
|---|---|---|---|
| 005 | 20251108170939.0 | ||
| 008 | 250721s1980 xx 000 0 ara d | ||
| 082 | 1 | 4 | _a641.1/أحم |
| 100 | 1 | _aصالح، أحمد الحاج طه | |
| 245 | 1 | 0 | _aالغذاء و التغذية / |
| 264 | 1 |
_aالموصل : _bدار الكتب للطباعة، _c1980. |
|
| 300 | _a333ص | ||
| 650 | 1 | 7 | _aالطعام |
| 650 | 1 | 7 | _aالغذاء |
| 700 | 1 | _aفرحان، شاكر محمد علي | |
| 942 |
_2ddc _cBK |
||
| 999 |
_c52785 _d52785 |
||